000 01311nam a2200289 i 4500
001 18321
003 DO-SdUEMH
005 20260112181029.0
007 ta
008 260112s2018 |||a|||gr|||| 00| 0 spa d
020 _a9789993445258
040 _aDO-SdUEMH
_bspa
_erda
041 _aspa
082 1 4 _mRD
_bG216
100 1 _eaut
245 _aEl Discurso Científico:
_bteoría y aplicación /
_cBartolo García Molina
250 _aSegunda edición
264 1 _aSanto Domingo, República Dominicana :
_bBúho, S.R.L.
_c2018
264 4 _c©2018
300 _a352 páginas :
_bilustraciones ;
_c22 cm.
336 _2rdacontent
_atexto
_btxt
337 _2rdamedia
_asin mediación
_bn
338 _2rdacarrier
_avolumen
_bnc
504 _aContiene Información Bibliográfica a Final de la Obra.
505 2 _aCiencia, sociedad y discurso -- Las pseudociencias -- Características del discurso científico -- Cualidades deseables en un investigador científico -- El proceso de producción científica -- Superestructura prototípica del discurso científico -- Elementos introductorios -- Perspectiva histórica y antecedentes: función y construcción -- Marco teórico: construcción y manejo -- Marco metodológico -- Manejo de los datos: construcción del hecho científico.
942 _2ddc
_cBK
_n0
999 _c18321
_d18321